Rule of Law and Election Petition in Nigeria Agagu V Mimiko Revisited /

Detalles Bibliográficos
Autor principal: Uhunmwangho, Amen
Formato: eBook
Lenguaje:inglés
Publicado: Abuya: Lambert Academic Publishing, 2019
Materias:
Acceso en línea:Acceso restringido

MARC

LEADER 00000nam a22000007a 4500
005 20190919004018.0
007 cr|||| ||||
008 190919s2019 ng |||||s|||| 00||0 eng d
020 |a 9786200119049 
035 |a 29444 
040 |a vLex 
090 |c 9578  |d 9578 
100 1 |a Uhunmwangho, Amen 
245 1 0 |a Rule of Law and Election Petition in Nigeria  |h [Recurso electrn̤ico] :  |b Agagu V Mimiko Revisited /  |c Amen Uhunmwangho 
256 |a Servicio en ln̕ea 
260 |a Abuya:  |b Lambert Academic Publishing,  |c 2019 
300 |a 1 recurso electrn̤ico 
500 |a Victor Amen Uhunmwangho is a Professor of English, Ambrose Alli University, Ekpoma, Nigeria. He obtained a Bachelor of Laws in 2003 and was called to the Nigerian Bar in 2005. He also has an LL.M Degree in Law. He became a Notary Public of the Federal High Court, Abuja in 2018. He has a Ph.D, MA and BA in English and Applied Linguistics. His current interest is Migration and International Law in Africa. 
506 1 |a Disponible solo en los productos indicados  |d vLex Global  |d vLex Global (Academic Edition, excluding Law Schools)  |d vLex Global (U.S. Academic Edition, Law Schools)  |d vLex Global (U.S. Academic Edition, excluding Law Schools)  |d vLex Global (Academic Edition, Law Schools) 
650 0 4 |a Derecho Pb︢lico y Administrativo  |z Nigeria 
740 0 |a vLex Libros (Servicio en ln̕ea) 
856 4 0 |u http://vlex.com/source/29444  |z Acceso restringido 
942 |c BOOK 
999 0 |a Public and Administrative Law